000 00711nam a22002297a 4500
003 BUBTL
008 160308b xxu||||| |||| 00| 0 eng d
020 _a0-07-010924-9
082 _a621.395 / C42039c 1992
100 _9468
_aChen,C.H.
245 _aComputer Engineering Handbook /
_cC.H.Chen
250 _a1st ed.
260 _aNew York:
_bMcGraw Hill,
_cc1992
300 _axix, 500 p.:
_c21 cm.
440 _9469
_aMcGraw-Hill Series On Computer Engineering
500 _aIncludes index
505 _a , Computer engineering, C.H.Chen, Handbook,
650 0 _9470
_aComputer Science
856 _k0
_l0
_yDownload
942 _2ddc
_cBK
999 _c5178
_d5178